Príspevok k metodike firemného e-learningu dizertačná práca

Gespeichert in:
Bibliographische Detailangaben
1. Verfasser: Trochanová, Hana
Körperschaft: Fakulta hospodárskej informatiky EU. Katedra aplikovanej informatiky
Weitere Verfasser: Bednár, Peter
Format: Buch
Sprache:Slowakisch
Veröffentlicht: Bratislava 2010
Schlagworte:
Tags: Tag hinzufügen
Keine Tags, Fügen Sie das erste Tag hinzu!

MARC

LEADER 00000nam$a2200000$$$4500
001 0117149
005 20240502072316.7
041 0 |a slo 
044 |a SK 
245 1 0 |a Príspevok k metodike firemného e-learningu  |b dizertačná práca  |c Hana Trochanová ; školiteľ: Peter Bednár 
264 1 |a Bratislava  |c 2010 
300 |a 116 s. 
610 2 0 |a vzdelávanie elektronické 
610 2 0 |a vyučovanie 
610 2 0 |a firmy 
610 2 0 |a metodika 
100 1 |a Trochanová, Hana 
700 1 |a Bednár, Peter 
710 2 |a Fakulta hospodárskej informatiky EU. Katedra aplikovanej informatiky